[Event "HUN-chT2 Szechenyi 1819"]
[Site "Hungary"]
[Date "2018.12.02"]
[Round "3.7"]
[White "Foki, Robert"]
[Black "Kadi, Richard"]
[Result "0-1"]
[WhiteElo "1847"]
[BlackElo "1816"]
[PlyCount "86"]
[EventDate "2018.10.28"]
[EventType "team-tourn"]
[EventRounds "9"]
[EventCountry "HUN"]
[SourceTitle "EXT 2021"]
[Source "ChessBase"]
[SourceDate "2020.10.23"]
[SourceVersion "1"]
[SourceVersionDate "2020.10.23"]
[SourceQuality "1"]
[WhiteTeam "Arboretum"]
[BlackTeam "Gyor Szechenyi II"]
[WhiteTeamCountry "HUN"]
[BlackTeamCountry "HUN"]

1. f4 d5 2. Nf3 c5 3. e3 Nf6 4. Be2 Nc6 5. 0-0 Bg4 6. a3 e6 7. b3 Bxf3 8. Bxf3 g6 9. Bb2 Bg7 10. Nc3 0-0 11. Ne2 Qb6 12. Rb1 Qc7 13. Qe1 Rad8 14. Qh4 Ne4 15. Bxg7 Kxg7 16. Rbd1 Qa5 17. d3 Nd2 18. Rf2 Nxf3+ 19. Rxf3 Qxa3 20. Rh3 Rh8 21. f5 exf5 22. Nf4 h5 23. Qg5 h4 24. Rf1 Qb2 25. Rxh4 Rxh4 26. Qxh4 Rh8 27. Qg3 Qe5 28. h4 d4 29. Re1 Qf6 30. h5 g5 31. e4 Kh6 32. Nd5 f4 33. Qf3 Qe5 34. Qe2 f6 35. Qg4 Rd8 36. Rf1 Rxd5 37. g3 Rd8 38. Kg2 fxg3 39. Rf5 Qe6 40. Qxg3 Ne5 41. Qf2 Ng4 42. Rxf6+ Qxf6 43. Qe2 Qf2+ 0-1

[Event "HUN-chT2 Szechenyi 1617"]
[Site "Hungary"]
[Date "2017.03.12"]
[Round "10.3"]
[White "Foki, Robert"]
[Black "Juhasz, Judit"]
[Result "1-0"]
[WhiteElo "1816"]
[BlackElo "1905"]
[PlyCount "67"]
[EventDate "2016.09.25"]
[EventType "team-tourn"]
[EventRounds "11"]
[EventCountry "HUN"]
[SourceTitle "EXT 2021"]
[Source "ChessBase"]
[SourceDate "2020.10.23"]
[SourceVersion "1"]
[SourceVersionDate "2020.10.23"]
[SourceQuality "1"]
[WhiteTeam "Arboretum"]
[BlackTeam "Tapolca VSE II"]
[WhiteTeamCountry "HUN"]
[BlackTeamCountry "HUN"]

1. d4 Nf6 2. Nf3 g6 3. e3 Bg7 4. c4 d6 5. Be2 0-0 6. 0-0 c5 7. Nc3 Bg4 8. h3 cxd4 9. exd4 Bxf3 10. Bxf3 Nc6 11. Be3 Rc8 12. b3 Nd7 13. Rc1 a6 14. Re1 Qa5 15. Re2 e5 16. d5 Ne7 17. Ne4 Nf5 18. Bd2 Qb6 19. Bc3 Bh6 20. Rb1 Nh4 21. Qe1 f5 22. Ba5 fxe4 23. Bg4 Qc5 24. Bxd7 Rb8 25. Be6+ Kg7 26. Bb4 Qb6 27. Qc3 Rf4 28. Rbb2 Qd8 29. c5 Nf3+ 30. gxf3 exf3 31. Rxe5 dxe5 32. Qxe5+ Qf6 33. Bc3 Bg5 34. Qc7+ 1-0

[Event "HUN-chT2 Szechenyi 1314"]
[Site "Hungary"]
[Date "2014.03.02"]
[Round "8.6"]
[White "Foki, Robert"]
[Black "Vinkovics, Sandor"]
[Result "0-1"]
[WhiteElo "1857"]
[BlackElo "2011"]
[PlyCount "112"]
[EventDate "2013.09.08"]
[EventType "team-tourn"]
[EventRounds "11"]
[EventCountry "HUN"]
[SourceTitle "EXT 2016"]
[Source "ChessBase"]
[SourceDate "2015.10.08"]
[SourceVersion "1"]
[SourceVersionDate "2015.10.08"]
[SourceQuality "1"]
[WhiteTeam "Arboretum"]
[BlackTeam "Lovo"]
[WhiteTeamCountry "HUN"]
[BlackTeamCountry "HUN"]

1. d4 Nf6 2. Nf3 g6 3. Nbd2 c5 4. c3 cxd4 5. cxd4 Qa5 6. e3 d6 7. Be2 Nc6 8. 0-0 e5 9. dxe5 dxe5 10. Nc4 Qc7 11. h3 Bg7 12. Qc2 Bf5 13. Qa4 0-0 14. Qb5 Nd7 15. Rd1 a6 16. Qb3 b5 17. Nd6 Nc5 18. Qc3 Na4 19. Qe1 e4 20. Ng5 Nxb2 21. Bxb2 Bxb2 22. Rab1 Be5 23. Ngxe4 Bxd6 24. Nf6+ Kg7 25. Nd5 Qa5 26. Qxa5 Nxa5 27. Rbc1 Be5 28. Bf3 Ra7 29. g4 Be6 30. Nb4 Bb2 31. Rc2 Ba3 32. Nd5 Nc4 33. Nf4 Ne5 34. Be2 Bc4 35. Bxc4 bxc4 36. Rd5 Re8 37. Ra5 Bb4 38. Ra4 Nd3 39. Rxc4 Nxf4 40. Rxf4 Bc3 41. Rfc4 Bf6 42. Rc6 Re6 43. Rc8 Rb7 44. Ra8 Rbb6 45. e4 Bc3 46. g5 a5 47. Rc8 Rb1+ 48. Kg2 Bb4 49. Rc4 Rd6 50. e5 Rd2 51. e6 fxe6 52. Rc7+ Kf8 53. a3 Ra1 54. Rb7 Raa2 55. Raxb4 axb4 56. Rxb4 Rxf2+ 0-1

[Event "HUN-chT2 Szechenyi 1314"]
[Site "Hungary"]
[Date "2014.02.16"]
[Round "7.7"]
[White "Foki, Robert"]
[Black "Vargyas, Zoltan"]
[Result "0-1"]
[WhiteElo "1857"]
[BlackElo "2114"]
[PlyCount "84"]
[EventDate "2013.09.08"]
[EventType "team-tourn"]
[EventRounds "11"]
[EventCountry "HUN"]
[SourceTitle "EXT 2016"]
[Source "ChessBase"]
[SourceDate "2015.10.08"]
[SourceVersion "1"]
[SourceVersionDate "2015.10.08"]
[SourceQuality "1"]
[WhiteTeam "Arboretum"]
[BlackTeam "Balatonfuered"]
[WhiteTeamCountry "HUN"]
[BlackTeamCountry "HUN"]

1. d4 d5 2. Nf3 Nf6 3. Nbd2 Bf5 4. c3 e6 5. h3 h6 6. e3 c5 7. Ne5 Bd6 8. Bb5+ Ke7 9. Ndf3 Qa5 10. Bd3 Ne4 11. 0-0 c4 12. Bb1 f6 13. Bxe4 Bxe4 14. Ng4 Nc6 15. Re1 Qc7 16. Ngh2 b5 17. Nf1 Rhf8 18. N1d2 f5 19. Nh4 Kd7 20. Ng6 Rf6 21. Nf4 g5 22. Nxe4 fxe4 23. Nh5 Bh2+ 24. Kf1 Rf7 25. Qg4 Raf8 26. Re2 Bd6 27. h4 b4 28. hxg5 hxg5 29. Qxg5 Rh7 30. g3 Be7 31. Qg4 Rfh8 32. f4 Rxh5 33. Rg2 Qa5 34. Bd2 Rh1+ 35. Rg1 R8h2 36. Be1 Rxg1+ 37. Kxg1 Rxb2 38. cxb4 Qa3 39. Bf2 Rxf2 40. Rf1 Rxf1+ 41. Kxf1 c3 42. b5 Nd8 0-1

[Event "HUN-chT2 Szechenyi 1314"]
[Site "Hungary"]
[Date "2013.09.22"]
[Round "2.8"]
[White "Foki, Robert"]
[Black "Bol, Johannes Cornelis"]
[Result "1/2-1/2"]
[WhiteElo "1857"]
[BlackElo "1874"]
[PlyCount "114"]
[EventDate "2013.09.08"]
[EventType "team-tourn"]
[EventRounds "11"]
[EventCountry "HUN"]
[SourceTitle "EXT 2016"]
[Source "ChessBase"]
[SourceDate "2015.10.08"]
[SourceVersion "1"]
[SourceVersionDate "2015.10.08"]
[SourceQuality "1"]
[WhiteTeam "Arboretum"]
[BlackTeam "Veszprem"]
[WhiteTeamCountry "HUN"]
[BlackTeamCountry "HUN"]

1. d4 Nf6 2. Nf3 c5 3. c3 e6 4. e3 b6 5. Bd3 Bb7 6. Nbd2 d5 7. Bb5+ Nbd7 8. Qa4 a6 9. Bxd7+ Qxd7 10. Qb3 Qc7 11. h3 Bd6 12. 0-0 0-0 13. a4 Nd7 14. Re1 f5 15. Ng5 Rf6 16. Qd1 h6 17. Ngf3 Qd8 18. Nh2 Qe8 19. f4 g5 20. Ndf3 Qg6 21. Ne5 Bxe5 22. fxe5 Rf7 23. Qc2 h5 24. g4 hxg4 25. hxg4 Qh6 26. Qg2 Raf8 27. Bd2 Qh4 28. gxf5 Rxf5 29. Rf1 Kg7 30. Rxf5 Rxf5 31. Rf1 Rxf1+ 32. Kxf1 Qh5 33. Ng4 Qg6 34. Be1 a5 35. Qh3 Qh7 36. Qg2 Ba6+ 37. Kg1 Qg6 38. Qh3 Bd3 39. Nf2 Bf5 40. Qg3 Qh5 41. b4 c4 42. bxa5 bxa5 43. Qg2 Kg6 44. e4 dxe4 45. Nxe4 Qg4 46. Qxg4 Bxg4 47. Nd6 Nb6 48. Nb7 Nxa4 49. Nxa5 Nb6 50. Nb7 Kf5 51. Nd6+ Kf4 52. Bd2+ Kf3 53. Bxg5 Ke2 54. Bd8 Nd5 55. Nxc4 Nxc3 56. Nd6 Kd3 57. Bb6 Ne2+ 1/2-1/2

[Event "HUN-chT2 Szechenyi 1213"]
[Site "Hungary"]
[Date "2013.03.24"]
[Round "9.7"]
[White "Magyar, Jozsef"]
[Black "Foki, Robert"]
[Result "0-1"]
[WhiteElo "1948"]
[BlackElo "1860"]
[PlyCount "66"]
[EventDate "2012.09.16"]
[EventType "team-tourn"]
[EventRounds "11"]
[EventCountry "HUN"]
[SourceTitle "EXT 2014"]
[Source "ChessBase"]
[SourceDate "2013.11.20"]
[SourceVersion "1"]
[SourceVersionDate "2013.11.20"]
[SourceQuality "1"]
[WhiteTeam "Peti MTE"]
[BlackTeam "Arboretum"]
[WhiteTeamCountry "HUN"]
[BlackTeamCountry "HUN"]

1. d4 d5 2. Nf3 Nf6 3. Bg5 e6 4. Nbd2 Be7 5. c3 0-0 6. Qc2 c5 7. e3 Nc6 8. Bd3 h6 9. Bh4 c4 10. Be2 b5 11. 0-0 a5 12. e4 dxe4 13. Nxe4 Bb7 14. Nxf6+ Bxf6 15. Bxf6 Qxf6 16. Qe4 Ne7 17. Qxb7 Rab8 18. Qa7 a4 19. Ne5 Ra8 20. Qc5 Rfc8 21. Qd6 Nf5 22. Qb4 Qg5 23. g3 h5 24. Bf3 Ra7 25. Bg2 h4 26. Qxb5 hxg3 27. hxg3 g6 28. Qb6 Re7 29. Rad1 Kg7 30. Qb4 Ree8 31. Qxa4 Rh8 32. Qa5 Rh5 33. Nf3 Nxg3 0-1

[Event "HUN-chT2 Szechenyi 1213"]
[Site "Hungary"]
[Date "2012.11.04"]
[Round "3.7"]
[White "Foki, Robert"]
[Black "Nemeth, Jozsef"]
[Result "0-1"]
[WhiteElo "1860"]
[BlackElo "2066"]
[PlyCount "114"]
[EventDate "2012.09.16"]
[EventType "team-tourn"]
[EventRounds "11"]
[EventCountry "HUN"]
[SourceTitle "EXT 2014"]
[Source "ChessBase"]
[SourceDate "2013.11.20"]
[SourceVersion "1"]
[SourceVersionDate "2013.11.20"]
[SourceQuality "1"]
[WhiteTeam "Arboretum"]
[BlackTeam "Zala Volan"]
[WhiteTeamCountry "HUN"]
[BlackTeamCountry "HUN"]

1. d4 d5 2. Nf3 c6 3. Nbd2 Nf6 4. c3 Bf5 5. Nh4 Bg4 6. Qc2 e6 7. h3 Bh5 8. g4 Bg6 9. Nxg6 hxg6 10. Bg2 Nbd7 11. e4 dxe4 12. Nxe4 Nxe4 13. Bxe4 Nf6 14. Bg5 Qa5 15. Bxf6 gxf6 16. Qb3 Qc7 17. Qc4 Bh6 18. Bg2 f5 19. Qe2 0-0-0 20. Rd1 Bf4 21. a4 Rh4 22. Rd3 Rdh8 23. gxf5 gxf5 24. Kd1 Rg8 25. Bf3 Qd8 26. Bh5 Qf6 27. Bf3 Qh6 28. Kc2 Qg6 29. a5 a6 30. d5 exd5 31. Bxd5 cxd5 32. Rxd5 Bc7 33. Rhd1 Re4 34. Qd2 Rge8 35. Kb3 Qe6 36. c4 Qc6 37. Rc1 Rd8 38. Rxd8+ Bxd8 39. f3 Re6 40. Rd1 Bc7 41. Qd3 Qd6 42. Qc2 Qf4 43. Qg2 Qg3 44. Qc2 Qxf3+ 45. Ka2 Qe4 46. Qa4 Rc6 47. Qa3 Qxc4+ 48. Ka1 Qc5 49. Qb3 Qc2 50. Qf3 Bxa5 51. h4 Rc4 52. Rd3 Ra4+ 53. Ra3 Bc3 54. Qxc3+ Qxc3 55. Rxa4 Qc1+ 56. Ka2 f4 57. Ra3 Qh1 0-1

[Event "HUN-chT2 Szechenyi 1213"]
[Site "Hungary"]
[Date "2012.09.16"]
[Round "1.6"]
[White "Gutmann, Alois"]
[Black "Foki, Robert"]
[Result "1-0"]
[WhiteElo "2041"]
[BlackElo "1860"]
[PlyCount "64"]
[EventDate "2012.09.16"]
[EventType "team-tourn"]
[EventRounds "11"]
[EventCountry "HUN"]
[SourceTitle "EXT 2014"]
[Source "ChessBase"]
[SourceDate "2013.11.20"]
[SourceVersion "1"]
[SourceVersionDate "2013.11.20"]
[SourceQuality "1"]
[WhiteTeam "Haladas III"]
[BlackTeam "Arboretum"]
[WhiteTeamCountry "HUN"]
[BlackTeamCountry "HUN"]

1. d4 d5 2. c4 c6 3. Nf3 Nf6 4. Nc3 e6 5. Bg5 Be7 6. e3 0-0 7. Rc1 Qa5 8. Bd3 dxc4 9. Bxc4 b5 10. Bb3 Ba6 11. 0-0 Nbd7 12. Ne4 Nxe4 13. Bxe7 Rfe8 14. Bh4 c5 15. Bc2 Bb7 16. Bxe4 Bxe4 17. dxc5 Nxc5 18. Rxc5 Bxf3 19. gxf3 f6 20. Qb3 a6 21. Rfc1 Rab8 22. Bg3 Rb7 23. Rc8 Rbe7 24. Bd6 Kf7 25. Bxe7 Rxe7 26. Qc3 Qxa2 27. Rc7 Rxc7 28. Qxc7+ Kg6 29. Qg3+ Kh6 30. Qh4+ Kg6 31. Rc7 Qb1+ 32. Kg2 Qf5 1-0

[Event "HUN-chT2 Szechenyi 1011"]
[Site "Hungary"]
[Date "2010.11.07"]
[Round "5.10"]
[White "Foki, Robert"]
[Black "Kertesz, Zsolt"]
[Result "1-0"]
[WhiteElo "1880"]
[BlackElo "2071"]
[PlyCount "105"]
[EventDate "2010.09.12"]
[EventType "team-tourn"]
[EventRounds "11"]
[EventCountry "HUN"]
[SourceTitle "EXT 2012"]
[Source "ChessBase"]
[SourceDate "2011.11.24"]
[SourceVersion "1"]
[SourceVersionDate "2011.11.24"]
[SourceQuality "1"]
[WhiteTeam "Arboretum"]
[BlackTeam "Baki Agrocentrum"]
[WhiteTeamCountry "HUN"]
[BlackTeamCountry "HUN"]

1. d4 d5 2. Nf3 Nf6 3. c3 e6 4. Nbd2 c5 5. Qc2 Nc6 6. e4 b6 7. exd5 exd5 8. Bb5 Bd7 9. 0-0 Be7 10. dxc5 bxc5 11. Qa4 Qa5 12. Bxc6 Qxa4 13. Bxa4 Bxa4 14. Re1 Bc6 15. Nb3 Kd7 16. Ne5+ Kc7 17. Nxc6 Bd6 18. Ne5 Rhe8 19. Nf3 c4 20. Nbd4 Bc5 21. Bf4+ Bd6 22. Nb5+ Kc6 23. Nxd6 Rf8 24. Nd4+ Kc5 25. Re7 Ne8 26. Nxe8 Rfxe8 27. Rae1 Rxe7 28. Rxe7 a5 29. Rxf7 Re8 30. Kf1 Ra8 31. Rxg7 a4 32. Rxh7 a3 33. Rh6 Rc8 34. Bd6+ Kb6 35. Bxa3+ Kb7 36. Nb5 Rd8 37. Bc5 Ka8 38. a4 Rd7 39. a5 d4 40. Nxd4 Rc7 41. Bb6 Rb7 42. Nc6 Rd7 43. Rh8+ Kb7 44. Nd4 Re7 45. h4 Rf7 46. h5 Rf6 47. h6 Rf7 48. h7 Rg7 49. Rb8+ Kxb8 50. h8Q+ Kb7 51. Qxg7+ Kb8 52. Nc6+ Ka8 53. Qa7# 1-0

[Event "HUN-chT2 Szechenyi 1011"]
[Site "Hungary"]
[Date "2010.09.12"]
[Round "1.7"]
[White "Zamodics, Peter"]
[Black "Foki, Robert"]
[Result "1-0"]
[WhiteElo "1961"]
[BlackElo "1880"]
[PlyCount "105"]
[EventDate "2010.09.12"]
[EventType "team-tourn"]
[EventRounds "11"]
[EventCountry "HUN"]
[SourceTitle "EXT 2012"]
[Source "ChessBase"]
[SourceDate "2011.11.24"]
[SourceVersion "1"]
[SourceVersionDate "2011.11.24"]
[SourceQuality "1"]
[WhiteTeam "Alsoszolnok"]
[BlackTeam "Arboretum"]
[WhiteTeamCountry "HUN"]
[BlackTeamCountry "HUN"]

1. c4 c5 2. Nc3 Nc6 3. e4 Nf6 4. g3 d6 5. d3 h6 6. h3 Bd7 7. Bg2 Rb8 8. Be3 a6 9. a4 e6 10. Nge2 Qa5 11. 0-0 Be7 12. Qd2 Qc7 13. b3 Na5 14. Rfb1 Nc6 15. Rf1 e5 16. f4 Nd4 17. Bxd4 cxd4 18. Nd5 Nxd5 19. cxd5 b5 20. Rfc1 Qb7 21. Bf1 0-0 22. Rc2 f5 23. Bg2 fxe4 24. dxe4 Qb6 25. Qd3 Rfc8 26. a5 Qa7 27. Rac1 Rxc2 28. Rxc2 b4 29. fxe5 dxe5 30. Kh2 Bb5 31. Rc4 Bd8 32. Qc2 Bxc4 33. Qxc4 Bxa5 34. d6+ Kh8 35. Qd5 Bd8 36. Qxe5 d3 37. Nf4 Bf6 38. Qd5 Qd4 39. Qxd4 Bxd4 40. Nxd3 a5 41. e5 Rd8 42. Bd5 g5 43. e6 Bf6 44. e7 Bxe7 45. dxe7 Re8 46. Ne5 Kg7 47. Nc6 Kf6 48. g4 Rc8 49. Be4 Kf7 50. Kg2 Rh8 51. Ne5+ Kf6 52. Bc6 a4 53. Bxa4 1-0

[Event "HUN-chT2 Szechenyi 0910"]
[Site "Hungary"]
[Date "2010.04.18"]
[Round "10.7"]
[White "Olah, Jozsef"]
[Black "Foki, Robert"]
[Result "1-0"]
[WhiteElo "1944"]
[BlackElo "1906"]
[PlyCount "89"]
[EventDate "2009.11.08"]
[EventType "team-tourn"]
[EventRounds "11"]
[EventCountry "HUN"]
[SourceTitle "EXT 2011"]
[Source "ChessBase"]
[SourceDate "2010.11.26"]
[SourceVersion "1"]
[SourceVersionDate "2010.11.26"]
[SourceQuality "1"]
[WhiteTeam "HVSE Infraplan"]
[BlackTeam "Arboretum"]
[WhiteTeamCountry "HUN"]
[BlackTeamCountry "HUN"]

1. d4 d5 2. c4 Nf6 3. Nf3 c6 4. Nc3 e6 5. cxd5 cxd5 6. Bg5 Be7 7. e3 0-0 8. Bd3 Nc6 9. 0-0 a6 10. Rc1 h6 11. Bh4 Nb4 12. Bb1 Nh7 13. Bg3 Bd6 14. a3 Nc6 15. Qc2 f5 16. Na4 Nf6 17. Ne5 Ne7 18. Nc5 b6 19. Ncd3 Bb7 20. Nf4 Rc8 21. Qb3 Rxc1 22. Rxc1 Bc8 23. Nfg6 Nxg6 24. Nxg6 Re8 25. Rc6 Bxg3 26. hxg3 b5 27. Qc2 Ne4 28. Rxc8 Qd7 29. Rxe8+ Qxe8 30. Ne5 Qh5 31. Nf3 Qe8 32. Qc7 Nf6 33. Bd3 b4 34. axb4 Qa4 35. Qc8+ Kh7 36. Qxe6 Qd1+ 37. Bf1 Qc2 38. Qxa6 Qxb2 39. Qe6 Ne4 40. Qxf5+ Kh8 41. Ne5 Qxb4 42. Ng6+ Kh7 43. Nf8+ Kg8 44. Qxd5+ Kxf8 45. Qxe4 1-0

[Event "HUN-chT2 Szechenyi 0910"]
[Site "Hungary"]
[Date "2010.01.17"]
[Round "4.7"]
[White "Foki, Robert"]
[Black "Schleinig, Istvan"]
[Result "1-0"]
[WhiteElo "1906"]
[BlackElo "2018"]
[PlyCount "70"]
[EventDate "2009.11.08"]
[EventType "team-tourn"]
[EventRounds "11"]
[EventCountry "HUN"]
[SourceTitle "EXT 2011"]
[Source "ChessBase"]
[SourceDate "2010.11.26"]
[SourceVersion "1"]
[SourceVersionDate "2010.11.26"]
[SourceQuality "1"]
[WhiteTeam "Arboretum"]
[BlackTeam "Keszthely"]
[WhiteTeamCountry "HUN"]
[BlackTeamCountry "HUN"]

1. d4 Nf6 2. Nf3 g6 3. Nbd2 Bg7 4. e4 d6 5. c3 0-0 6. Bc4 a6 7. a4 h6 8. e5 dxe5 9. Nxe5 Nd5 10. Ndf3 c6 11. Bd2 Nd7 12. Nxd7 Qxd7 13. 0-0 Qd6 14. Qc1 Kh7 15. Re1 Bd7 16. h4 Rae8 17. Ne5 f6 18. Nd3 e5 19. Nc5 Bc8 20. Ne4 Qe7 21. Ng3 Qd6 22. Ne4 Qd7 23. Ng3 Qd8 24. Bd3 exd4 25. Rxe8 Qxe8 26. c4 Ne7 27. Nh5 Rh8 28. Qc2 Bf5 29. Re1 Qf7 30. Ng3 Bxd3 31. Qxd3 f5 32. Bb4 Bf6 33. h5 gxh5 34. Bxe7 Bxe7 35. Nxf5 Rf8 1-0